Tate McRae - Discography - Statistics

General Stats
  • This quiz has been taken 164 times
  • The average score is 42 of 84
Answer Stats
# Title % Correct
1. ?
100%
6. Sports car
89%
11. think later
86%
8. (feat. The Kid LAROI) I know love
85%
15. (bonus) Siren sounds
85%
3. (feat. Flo Milli) bloodonmyhands
83%
2. greedy
83%
2. Revolving door
81%
7. exes
79%
3. run for the hills
79%
4. HORSESHOE
78%
1. Miss possessive
78%
(2025, F1 The Movie) Just Keep Watching
75%
(2021, Troye Sivan, Regard) You
75%
10. It's ok I'm ok
74%
16. Nostalgia
74%
5. TIT FOR TAT
74%
14. 2 hands
73%
13. Greenlight
73%
3. NOBODY'S GIRL
73%
5. Purple lace bra
73%
4. Dear god
71%
1. TRYING ON SHOES
71%
9. calgary
70%
1. cut my hair
70%
2. ANYTHING BUT LOVE
69%
5. you broke me first
66%
14. plastic palm trees
65%
8. she's all i wanna be
65%
5. grave
64%
10. messier
64%
11. No I'm not in love
64%
7. Signs
64%
12. Means I care
60%
2. One Day
58%
2. rubberband
58%
12. guilty conscience
54%
5. chaotic
51%
9. Like I do
51%
4. hurt my feelings
50%
8. we're not alike
50%
(2021, Jeremy Zucker) that way
49%
3. that way
49%
11. feel like shit
48%
(2025, Morgan Wallen) What I Want
48%
9. boy x
46%
(2022) 10:35
45%
13. want that too
45%
(2022) uh oh
43%
4. what would you do?
43%
1. bad ones
40%
2. don't come back
40%
6. wish i loved you in the 90s
40%
13. i still say goodnight
39%
6. stay done
39%
1. stupid
39%
2. all my friends are fake
38%
7. what's your problem
36%
8. Teenage Mind
33%
(2020) vicious
33%
(2020, Ali Gatie) lie to me
31%
3. slower
31%
10. you're so cool
31%
12. go away
30%
4. r u ok
30%
(2021, Khalid) working
30%
3. Drown
25%
5. happy face
25%
7. Shoulder to Shoulder
24%
6. hate myself
23%
1. Slip
23%
3. i'm so gone
21%
4. tear myself apart
20%
6. (Sean Law) Distant
19%
5. Hung up on You
19%
(2020, SAYGRACE, Audrey Mika) Boys Ain't Shit
18%
(2020, Spotify Singles) Heather
18%
(2020) don't be sad
16%
9. Hard to Find
16%
(2019) Kids Are Alright
16%
(2021, PANIC) Darkest Hour
15%
(2021, blackbear) u love u
15%
4. Can't Get It Out
14%
(2018, Myles George) All Day All Night
11%
No matching quizzes found
Score Distribution
Percent of People with Each Score
Percentile by Number Answered
Your Score History
You have not taken this quiz